00561nam a2200205Ia 4500003000400000005001700004008004100021040000800062041001200070082001000082082001100092100003300103100002600136245010000162250002500262260001500287260002700302260000900329650001700338OSt20220228172536.0150909s9999 xx 000 0 und d cCOH aEnglish a631.4 bDIL/NU aDileep Kumar K N4Researcher aAlice Abraham4Guide aNutritional status of soil and plant relation to the incidence of chenthal disease of cardamom. aM.Sc  aTrivandrum bCollege of Agriculture c1983 aSoil science